Banana grown as an intercrop in rubber plantation requires less fertilizer (Record no. 47220)

MARC details
000 -LEADER
fixed length control field 00637nam a2200241Ia 4500
100 ## - MAIN ENTRY--AUTHOR NAME
Personal name Choudhury M
245 #0 - TITLE STATEMENT
Title Banana grown as an intercrop in rubber plantation requires less fertilizer
260 ## - PUBLICATION, DISTRIBUTION, ETC. (IMPRINT)
Name of publisher Rubber Science
Year of publication 2013
300 ## - PHYSICAL DESCRIPTION
Number of Pages 204-209
650 ## - SUBJECT ADDED ENTRY--TOPICAL TERM
Topical Term banana intercropping
650 ## - SUBJECT ADDED ENTRY--TOPICAL TERM
Topical Term banana intercropping
650 ## - SUBJECT ADDED ENTRY--TOPICAL TERM
Topical Term bcr
650 ## - SUBJECT ADDED ENTRY--TOPICAL TERM
Topical Term bcr
650 ## - SUBJECT ADDED ENTRY--TOPICAL TERM
Topical Term nort east india
650 ## - SUBJECT ADDED ENTRY--TOPICAL TERM
Topical Term nort east india
650 ## - SUBJECT ADDED ENTRY--TOPICAL TERM
Topical Term rubber
650 ## - SUBJECT ADDED ENTRY--TOPICAL TERM
Topical Term rubber
650 ## - SUBJECT ADDED ENTRY--TOPICAL TERM
Topical Term soil and leaf nutrients
650 ## - SUBJECT ADDED ENTRY--TOPICAL TERM
Topical Term soil and leaf nutrients
700 ## - ADDED ENTRY--PERSONAL NAME
Personal name Jessy M D
942 ## - ADDED ENTRY ELEMENTS (KOHA)
Koha item type Articles

No items available.